000
00306nam a2200133Ia 4500
005
20251222141807.0
008
251222s9999||||xx |||||||||||||| ||spa||
082
_a
242/A74
100
_a
Armas, Abelardo de
245
0
_a
Agua Viva
250
_a
1ra. ed.
264
_b
Cruzados de Santa MarĂa
942
_c
LIB
999
_c
6336
_d
6336